Science Quiz

Random Science or Clickable Quiz

Pick the Human Bones Quiz Stats

 Plays Quiz Updated Mar 28, 2014

Support Sporcle.
Go Orange.
Score 0/20 Timer 05:00
0 Plays Today
% Correct
Femur
95.6%
Tibia
95.4%
Fibula
95%
Humerus
93.9%
Patella
93.1%
Scapula
93%
Ulna
92.2%
Radius
92.1%
Mandible
90.7%
Maxilla
83.2%
% Correct
Scaphoid
80.2%
Cuboid
69.9%
Sphenoid
68.7%
Incus
67.6%
Stapes
67.6%
Hamate
62.8%
Navicular
60.5%
Lunate
60%
Pisiform
53.8%
Phalanx
50.9%

You're not logged in!

Compare scores with friends on all Sporcle quizzes.
OR
Log In
Forgot?

From the Vault

History of Computing Hardware

by classicfumbles

It's a longer history than one might think!
Remove Ads.
Support Sporcle.
Get the best of Sporcle when you Go Orange. This ad-free experience offers more features, more stats, and more fun while also helping to support Sporcle. Thank you for becoming a member.

Show Comments

Extras

Top Quizzes Today


Score Distribution

Your Account Isn't Verified!

In order to create a playlist on Sporcle, you need to verify the email address you used during registration. Go to your Sporcle Settings to finish the process.

Report this User

Report this user for behavior that violates our Community Guidelines.

Details: